[Event "Lleida-ch"]
[Site "Bellcaire"]
[Date "2016.11.13"]
[Round "7"]
[White "Llavall Sans, Daniel"]
[Black "Sole Pijuan, Ferran"]
[Result "1/2-1/2"]
[WhiteElo "2116"]
[BlackElo "1912"]
[PlyCount "73"]
[EventDate "2016.10.02"]
[EventType "swiss"]
[EventRounds "9"]
[EventCountry "ESP"]
[SourceTitle "EXT 2018"]
[Source "ChessBase"]
[SourceDate "2017.10.13"]
[SourceVersion "1"]
[SourceVersionDate "2017.10.13"]
[SourceQuality "1"]

1. d4 d5 2. c4 c6 3. cxd5 cxd5 4. Nc3 Nf6 5. Bf4 Nc6 6. e3 Bf5 7. Nf3 e6 8. Ne5 Qb6 9. Bb5 Bb4 10. 0-0 Bxc3 11. Bxc6+ bxc6 12. bxc3 0-0 13. g4 Bg6 14. h4 Qb2 15. h5 Bc2 16. Qe2 Rfb8 17. Nxc6 Ba4 18. Qxb2 Rxb2 19. Ne5 Ne4 20. c4 f6 21. Nd3 Rd2 22. Nc5 Nxc5 23. dxc5 e5 24. Bg3 dxc4 25. Rfc1 Bc2 26. f4 e4 27. Be1 Re2 28. Bc3 Rc8 29. Bd4 Rc6 30. Rf1 Kf7 31. Rf2 Rxf2 32. Kxf2 Ra6 33. a3 Ke6 34. Ke2 Kd7 35. Kd2 Bd3 36. Ra2 Kc6 37. Kc3 1/2-1/2

[Event "Lleida Province-ch"]
[Site "Tornabous"]
[Date "2014.11.23"]
[Round "8"]
[White "Llavall Sans, Daniel"]
[Black "Subarroca Blanch, Francesco"]
[Result "1-0"]
[WhiteElo "2257"]
[BlackElo "1951"]
[PlyCount "41"]
[EventDate "2014.10.05"]
[EventType "swiss"]
[EventRounds "9"]
[EventCountry "ESP"]
[SourceTitle "CBM 163 Extra"]
[Source "ChessBase"]
[SourceDate "2014.12.23"]
[SourceVersion "1"]
[SourceVersionDate "2014.12.23"]
[SourceQuality "1"]

1. d4 d5 2. Nf3 Nf6 3. g3 e6 4. Bg2 h6 5. 0-0 c5 6. b3 b5 7. a4 Bd7 8. axb5 Bxb5 9. c4 Bc6 10. Ne5 Be7 11. Nc3 Bb7 12. dxc5 Bxc5 13. b4 Bd6 14. Qa4+ Ke7 15. Nd3 Qd7 16. c5 Bc7 17. b5 Qd8 18. Ba3 Bc8 19. b6 Kf8 20. c6+ Kg8 21. b7 1-0

[Event "Bellpuig op 2nd"]
[Site "Bellpuig"]
[Date "2012.01.14"]
[Round "1"]
[White "Llavall Sans, Daniel"]
[Black "Gabarro Fontanet, Xavier"]
[Result "1-0"]
[WhiteElo "2088"]
[BlackElo "1502"]
[PlyCount "33"]
[EventDate "2012.01.14"]
[EventType "swiss"]
[EventRounds "8"]
[EventCountry "ESP"]
[SourceTitle "EXT 2014"]
[Source "ChessBase"]
[SourceDate "2013.11.20"]
[SourceVersion "1"]
[SourceVersionDate "2013.11.20"]
[SourceQuality "1"]

1. d4 d5 2. Nf3 Bf5 3. c4 e6 4. Qb3 b6 5. e3 Be7 6. Ne5 Qd6 7. cxd5 exd5 8. Nc3 c6 9. e4 Be6 10. exd5 Bxd5 11. Nxd5 cxd5 12. Bb5+ Kf8 13. 0-0 f6 14. Qf3 g6 15. Bf4 Qd8 16. Rac1 fxe5 17. Bh6# 1-0

[Event "Lleida Province-ch"]
[Site "Lleida"]
[Date "2011.11.27"]
[Round "8"]
[White "Llavall Sans, Daniel"]
[Black "Campos Olaya, Israel"]
[Result "1-0"]
[WhiteElo "2049"]
[BlackElo "2173"]
[PlyCount "145"]
[EventDate "2011.10.09"]
[EventType "swiss"]
[EventRounds "9"]
[EventCountry "ESP"]
[SourceTitle "EXT 2015"]
[Source "ChessBase"]
[SourceDate "2014.11.20"]
[SourceVersion "1"]
[SourceVersionDate "2014.11.20"]
[SourceQuality "1"]

1. d4 Nf6 2. Nf3 d5 3. c4 c6 4. e3 e6 5. Nc3 Be7 6. Qc2 0-0 7. Bd3 c5 8. cxd5 exd5 9. h3 Nc6 10. a3 c4 11. Be2 g6 12. 0-0 Bf5 13. Qd1 Na5 14. Nd2 Rc8 15. g4 Be6 16. Bf3 Ne8 17. b3 cxb3 18. Ne2 Qb6 19. Rb1 Bd6 20. Nxb3 Nc4 21. Nd2 Nxd2 22. Bxd2 Qa6 23. Bb4 b6 24. Qb3 Qb7 25. Nf4 g5 26. Bxd5 Bxd5 27. Qxd5 Qe7 28. Nh5 h6 29. Qf5 Qe6 30. Qxe6 fxe6 31. Rfc1 Rd8 32. Rc6 Rf7 33. Rbc1 Rc7 34. Rxc7 Bxc7 35. Nf6+ Nxf6 36. Rxc7 Rd7 37. Rc8+ Kf7 38. Kg2 h5 39. f3 hxg4 40. hxg4 Nd5 41. Bd2 Ne7 42. Rc2 Ng6 43. Be1 e5 44. dxe5 Nxe5 45. Bg3 Ke6 46. Bxe5 Kxe5 47. Rc3 a5 48. Rb3 Rd6 49. Rb5+ Kf6 50. Kg3 Re6 51. Kf2 Rc6 52. Ke2 Rd6 53. f4 gxf4 54. exf4 Rc6 55. Kd3 Rd6+ 56. Ke4 Kf7 57. g5 Kg6 58. Ke5 Rd3 59. Rxb6+ Kf7 60. a4 Ra3 61. f5 Re3+ 62. Kf4 Ra3 63. Rb7+ Kf8 64. Ke5 Rc3 65. f6 Rg3 66. Ke6 Re3+ 67. Kf5 Re8 68. Ra7 Rc8 69. Rxa5 Rd8 70. Ra7 Rc8 71. Kg6 Kg8 72. Rg7+ Kf8 73. Rh7 1-0

[Event "Tancats de l'Urgell A"]
[Site "Tarrega"]
[Date "2011.04.15"]
[Round "2.1"]
[White "Monfa Sole, Ramon"]
[Black "Llavall Sans, Daniel"]
[Result "1-0"]
[WhiteElo "2167"]
[BlackElo "2190"]
[PlyCount "45"]
[EventDate "2011.04.08"]
[EventType "tourn"]
[EventRounds "9"]
[EventCountry "ESP"]
[SourceTitle "EXT 2023"]
[Source "ChessBase"]
[SourceDate "2022.10.05"]
[SourceVersion "1"]
[SourceVersionDate "2022.10.05"]
[SourceQuality "1"]

1. d3 d5 2. a3 c5 3. e4 Nf6 4. Nd2 Nc6 5. Ngf3 e6 6. Be2 Be7 7. 0-0 0-0 8. c3 b6 9. Qc2 Bb7 10. Re1 Rc8 11. b3 Qc7 12. Bb2 Rfd8 13. Rad1 h6 14. Nf1 dxe4 15. dxe4 Ne5 16. Nxe5 Qxe5 17. f3 Nh5 18. g3 Qg5 19. Bc1 Qg6 20. Bd3 e5 21. Ne3 Bg5 22. Nf5 Bxc1 23. Ne7+ 1-0

[Event "Lleida Province-ch"]
[Site "Almenar"]
[Date "2010.10.??"]
[Round "8"]
[White "Llavall Sans, Daniel"]
[Black "Parramon Guillaumet, Jaime"]
[Result "1-0"]
[WhiteElo "2032"]
[BlackElo "1928"]
[PlyCount "58"]
[EventDate "2010.10.10"]
[EventType "swiss"]
[EventRounds "9"]
[EventCountry "ESP"]
[SourceTitle "EXT 2015"]
[Source "ChessBase"]
[SourceDate "2014.11.20"]
[SourceVersion "1"]
[SourceVersionDate "2014.11.20"]
[SourceQuality "1"]

1. d4 d5 2. c4 e6 3. Nf3 c5 4. cxd5 exd5 5. g3 Nc6 6. Bg2 cxd4 7. Nxd4 Be6 8. 0-0 Bc5 9. Nxe6 fxe6 10. e4 Nge7 11. Qg4 dxe4 12. Qh5+ g6 13. Qxc5 Qd5 14. Be3 b6 15. Qa3 Nd4 16. Nc3 Qc4 17. Bxd4 Qxd4 18. Rad1 Qe5 19. Qa4+ Kf7 20. Qxe4 Qxe4 21. Bxe4 Rad8 22. Rxd8 Rxd8 23. Rd1 Rxd1+ 24. Nxd1 Kf6 25. f4 Nc8 26. Kf2 Ke7 27. Ke3 Kd6 28. Kd4 Ne7 29. Nc3 h5 1-0